| 000 | 00575nam a2200193 a 4500 | ||
|---|---|---|---|
| 001 | 3191 | ||
| 005 | 20140414131931.0 | ||
| 008 | 060202s19uu xx 00 eng d | ||
| 020 | _a1-55280-268-x | ||
| 050 |
_aREF 574.19 _bG15 1995 |
||
| 100 | _aGaneri, Anita | ||
| 245 |
_aCreatures that glow / _cAnita Ganeri. |
||
| 260 |
_bHarry N. Abrams, _c1995. _aNew York : |
||
| 300 | _a30 p. : ill. ; cm. | ||
| 520 | _aDiscover the way that nature lights up the dark. | ||
| 650 |
_aBioluminescence _xJuvenile literature. |
||
| 650 | _aGlow-in-the-dark books. | ||
| 999 |
_c112204 _d112204 |
||